| 000 | 00748nam a2200253Ia 4500 | ||
|---|---|---|---|
| 008 | 160303s9999 xx 000 0 und d | ||
| 020 | _a971-93450-1-2 | ||
| 050 | _aFIL JQ 1413 | ||
| 050 | _b.P45 2006 | ||
| 245 | _aPhilippine politics and governance : | ||
| 245 | _ban introduction / | ||
| 245 | _cedited by Noel M. Marada, Teresa S. Encarnacion Tadem. | ||
| 260 | _aQuezon City: | ||
| 260 | _bDepartment of the Philippine Science, | ||
| 260 | _c2006 | ||
| 300 | _a587 pages : | ||
| 300 | _billustrations ; | ||
| 300 | _c25 cm. | ||
| 500 | _aIncludes bibliographical references and index. | ||
| 650 | _aPhilippines -- | ||
| 650 | _aPhilippines. | ||
| 650 | _xElections -- | ||
| 650 | _xPolitics and government 20th century. | ||
| 999 |
_c291427 _d291427 |
||